Planning theory

Bibliographic Details
Main Author: Faludi, Andreas
Format: Book
Published: Oxford : Pergamon press , 1973
Series:Urban and regional planning series V. 7
Subjects:

MARC

LEADER 00000cam a2200000 7i4500
001 0000008907
005 20150910.0
020 |a 0080170676 
040 |a INS 
090 0 0 |a HT391   |b F37 1973 
100 0 |a Faludi, Andreas 
245 1 0 |a Planning theory   |c by Andreas Faludi 
260 |a Oxford :   |b Pergamon press ,   |c 1973 
300 |a 399p. :   |b ill. ;   |c 22cm. 
490 0 |a Urban and regional planning series   |v V. 7 
650 0 |a Cities and towns   |x Planning 
650 0 |a City planning   |z netherlands planning 
650 0 0 |a Regional planning 
999 |a 0000022140   |b BOOK   |c Open Shelf   |e Default branch 
999 |a 0000022141   |b BOOK   |c Open Shelf   |e Default branch